Villes françaises par drapeau - Statistiques

Statistiques générales
  • Ce quiz a été pris 532 fois
  • Le résultat moyen est 5 sur 10
Statistiques - réponses
Par images Réponse % Correct
Paris
86%
Marseille
76%
Lyon
73%
Nantes
66%
Toulouse
63%
Lille
43%
Nice
43%
Bordeaux
40%
Strasbourg
33%
Montpellier
17%
Aucun quiz correspondant
Distribution des résultats
% des personnes avec chaque résultat
Percentile par nombre de réponses
Votre historique - résultats
Vous n’avez pas pris ce quiz